किर्तनसुधा धारा भाग-1(श्रीगुरुचरणी रुद्राभिषेक) (Record no. 397705)

MARC details
000 -LEADER
fixed length control field 00993nam a2200169Ia 4500
008 - FIXED-LENGTH DATA ELEMENTS--GENERAL INFORMATION
fixed length control field 100122s9999 xx 000 0 und d
082 ## - DEWEY DECIMAL CLASSIFICATION NUMBER
Item number 3839
Classification number 294.5
100 ## - MAIN ENTRY--PERSONAL NAME
Personal name परांजपे श्री वि
245 ## - TITLE STATEMENT
Title किर्तनसुधा धारा भाग-1(श्रीगुरुचरणी रुद्राभिषेक)
260 ## - PUBLICATION, DISTRIBUTION, ETC. (IMPRINT)
Name of publisher, distributor, etc निर्णय सागर प्रकाशन
Date of publication, distribution, etc 1937
300 ## - PHYSICAL DESCRIPTION
Extent 640
520 ## - SUMMARY, ETC.
Summary, etc "हिंंदुधर्म, भक्ति, कीर्तन, नाममाहात्म्य"
620 ## -
-- "हिंंदुधर्म, भक्ति, कीर्तन, नाममाहात्म्य"
630 ## - SUBJECT ADDED ENTRY--UNIFORM TITLE
Uniform title किर्तनसुधा धारा भाग-1(श्रीगुरुचरणी रुद्राभिषेक)
730 ## - ADDED ENTRY--UNIFORM TITLE
Uniform title किर्तनसुधा धारा भाग-1(श्रीगुरुचरणी रुद्राभिषेक)
942 ## - ADDED ENTRY ELEMENTS (KOHA)
Koha item type Book
Holdings
Withdrawn status Lost status Damaged status Not for loan Home library Current library Date acquired Cost, normal purchase price Total Checkouts Full call number Barcode Date last seen Cost, replacement price Price effective from Koha item type Public note
        S.V. Pathak Library, Vile Parle S.V. Pathak Library, Vile Parle 12/12/1925 3.00   3839 SVPPARLE-3839 01/25/2010 3.00 01/25/2010 Book General NA